<?xml version="1.0" encoding="UTF-8"?>
<record
    xmlns:xsi="http://www.w3.org/2001/XMLSchema-instance"
    xsi:schemaLocation="http://www.loc.gov/MARC21/slim http://www.loc.gov/standards/marcxml/schema/MARC21slim.xsd"
    xmlns="http://www.loc.gov/MARC21/slim">

  <leader>03604cam a22003495i 4500</leader>
  <datafield tag="999" ind1=" " ind2=" ">
    <subfield code="c">27905</subfield>
    <subfield code="d">27876</subfield>
  </datafield>
  <controlfield tag="001">17332063</controlfield>
  <controlfield tag="003">EG-ScBUE</controlfield>
  <controlfield tag="005">20191127130212.0</controlfield>
  <controlfield tag="008">120530s2018    enka   f b    001 0 eng d</controlfield>
  <datafield tag="020" ind1=" " ind2=" ">
    <subfield code="a">9781108733748 (pbk.)</subfield>
  </datafield>
  <datafield tag="040" ind1=" " ind2=" ">
    <subfield code="a">ICU/DLC</subfield>
    <subfield code="b">eng</subfield>
    <subfield code="e">rda</subfield>
    <subfield code="c">ICU</subfield>
    <subfield code="d">EG-ScBUE</subfield>
  </datafield>
  <datafield tag="082" ind1="0" ind2="4">
    <subfield code="a">418</subfield>
    <subfield code="b">CAM</subfield>
    <subfield code="2">22</subfield>
  </datafield>
  <datafield tag="245" ind1="0" ind2="4">
    <subfield code="a">The Cambridge handbook of second language acquisition /</subfield>
    <subfield code="c">edited by Julia Herschensohn, Martha Young-Scholten.</subfield>
  </datafield>
  <datafield tag="246" ind1="3" ind2="0">
    <subfield code="a">Handbook of second language acquisition</subfield>
  </datafield>
  <datafield tag="246" ind1="3" ind2="0">
    <subfield code="a">Second language acquisition</subfield>
  </datafield>
  <datafield tag="250" ind1=" " ind2=" ">
    <subfield code="a">First paperback edition.</subfield>
  </datafield>
  <datafield tag="264" ind1=" " ind2="1">
    <subfield code="a">Cambridge ;</subfield>
    <subfield code="a">New York :</subfield>
    <subfield code="b">Cambridge University Press,</subfield>
    <subfield code="c">2018.</subfield>
  </datafield>
  <datafield tag="300" ind1=" " ind2=" ">
    <subfield code="a">xiv, 823 pages :</subfield>
    <subfield code="b">illustrations ;</subfield>
    <subfield code="c">26 cm.</subfield>
  </datafield>
  <datafield tag="336" ind1=" " ind2=" ">
    <subfield code="a">text</subfield>
    <subfield code="2">rdacontent</subfield>
    <subfield code="b">txt</subfield>
  </datafield>
  <datafield tag="337" ind1=" " ind2=" ">
    <subfield code="a">unmediated</subfield>
    <subfield code="2">rdamedia</subfield>
    <subfield code="b">n</subfield>
  </datafield>
  <datafield tag="338" ind1=" " ind2=" ">
    <subfield code="a">volume</subfield>
    <subfield code="2">rdacarrier</subfield>
    <subfield code="b">nc</subfield>
  </datafield>
  <datafield tag="490" ind1="0" ind2=" ">
    <subfield code="a">Cambridge handbooks in language and linguistics</subfield>
  </datafield>
  <datafield tag="504" ind1=" " ind2=" ">
    <subfield code="a">Includes bibliographical references and index.</subfield>
  </datafield>
  <datafield tag="505" ind1="0" ind2=" ">
    <subfield code="a">Introduction / Julia Herschensohn and Martha Young-Scholten -- Part I: Theory and practice -- Theories of language from a critical perspective / Jan Koster -- History of the study of second language acquisition / Margaret Thomas -- Theoretical approaches / Florence Myles -- Scope and research methodologies / Melinda Whong and Clare Wright -- Part II: Internal ingredients -- The role of the native language / Claire Foley and Suzanne Flynn -- Learning mechanisms and automatization / Richard Towell -- Generative approaches and the poverty of the stimulus / Bonnie D. Schwartz and Rex A. Sprouse -- Learner internal psychological factors / Jean-Marc Dewaele -- Alphabetic literacy and adult SLA / Elaine Tarone, Kit Hansen and Martha Bigelow -- Part III: External ingredients -- Negotiated input and output/interaction / Maria del Pilar Garcia Mayo and Eva Alcon Soler -- Second language identity construction / Elizabeth R. Miller and Ryuko Kubota -- Socialization / Georges Daniel Veronique -- Variation / Vera Regan -- Electronic interaction and resources / Astrid Ensslin and Cedric Krummes -- Part IV: Biological factors -- Age related effects / Julia Herschensohn -- Childhood second language acquisition / Belma Haznedar and Elena Gavruseva -- Incomplete L1 acquisition / Silvina Montrul -- Third language acquisition / Jason Rothman, Jennifer Cabrelli Amaro and Kees de Bot -- Language processing / Alice Foucart and Cheryl Frenck-Mestre -- Affect and the brain / Andrea Mates and Anna Joaquin -- Part V: Properties of interlanguage systems -- The lexicon / James Milton and Giovanna Donzelli -- Semantics / Laurent Dekydtspotter -- Discourse and pragmatics / Roumyana Slabakova -- Morphosyntax / Tania Ionin -- Phonology and speech / Ellen Broselow and Yoonjung Kang -- Part VI: Models of development -- Explaining change in transition grammars / Michael Sharwood Smith, John Truscott and Roger Hawkins -- Stage-like development and organic grammar / Anne Vainikka and Martha Young-Scholten -- Emergentism, connectionism and complexity / Randal Holme -- Input, input processing and focus on form / Joe Barcroft and Wynne Wong -- Sociocultural theory and the zone of proximal development / Amy Snyder Ohta -- Nativelike and non-nativelike attainment / Donna Lardiere.</subfield>
  </datafield>
  <datafield tag="520" ind1=" " ind2=" ">
    <subfield code="a">A one-stop guide providing up-to-date coverage of the central aspects of second language acquisition.</subfield>
  </datafield>
  <datafield tag="650" ind1=" " ind2="7">
    <subfield code="a">Second language acquisition.</subfield>
    <subfield code="2">BUEsh</subfield>
  </datafield>
  <datafield tag="653" ind1=" " ind2=" ">
    <subfield code="b">HHUUEENN</subfield>
    <subfield code="c">November2019</subfield>
  </datafield>
  <datafield tag="655" ind1=" " ind2=" ">
    <subfield code="v">Reading book</subfield>
  </datafield>
  <datafield tag="700" ind1="1" ind2=" ">
    <subfield code="a">Herschensohn, Julia Rogers,</subfield>
    <subfield code="d">1945-</subfield>
    <subfield code="e">editor.</subfield>
  </datafield>
  <datafield tag="700" ind1="1" ind2=" ">
    <subfield code="a">Young-Scholten, Martha,</subfield>
    <subfield code="e">editor.</subfield>
  </datafield>
  <datafield tag="942" ind1=" " ind2=" ">
    <subfield code="2">ddc</subfield>
    <subfield code="c">BB</subfield>
  </datafield>
  <datafield tag="952" ind1=" " ind2=" ">
    <subfield code="0">0</subfield>
    <subfield code="1">0</subfield>
    <subfield code="2">ddc</subfield>
    <subfield code="4">0</subfield>
    <subfield code="7">0</subfield>
    <subfield code="8">Baccah</subfield>
    <subfield code="a">MAIN</subfield>
    <subfield code="b">MAIN</subfield>
    <subfield code="c">2ND</subfield>
    <subfield code="d">2019-11-27</subfield>
    <subfield code="e">Purchase</subfield>
    <subfield code="g">1155.00</subfield>
    <subfield code="l">1</subfield>
    <subfield code="m">3</subfield>
    <subfield code="o">418 CAM</subfield>
    <subfield code="p">000048447</subfield>
    <subfield code="r">2025-07-15 00:00:00</subfield>
    <subfield code="s">2023-12-19</subfield>
    <subfield code="v">1443.80</subfield>
    <subfield code="w">2019-11-27</subfield>
    <subfield code="y">BB</subfield>
  </datafield>
</record>
